000 00654nam a2200241Ia 4500
003 OSt
005 20221007080145.0
006 a|||||r|||| 00| 0
007 ta
008 221006b |||||||| |||| 00| 0 eng d
024 _a1,369
037 _cReference Collections
040 _aFLL
_cFLL
_beng
041 _2eng
_aeng
082 _aX724:Z2, P2
100 _aBhargava Amit
_9523295
245 0 _aIncome tax act
260 _aNew Delhi
_bTaxmann Publications (P.) Ltd. India
_c2002
300 _a1001p
_ccm.
650 _aIncome tax
942 _hX724:Z2, P2
_cREF
_2CC
999 _c1158513
_d1158513